000 00486nam a2200205Ia 4500
003 OSt
005 20220923230842.0
006 a|||||r|||| 00| 0
007 ta
008 Pun
024 _a306,064
037 _cTextual
040 _aARTS
_cARTS
_bPun
041 _2Pun
_aPun
082 _aP153:4k, 111J4
245 0 _aਪੰਜਾਬੀ ਅੰਗਰੋਗ਼ੀ Fਬਦ ਕੋF
260 _c1954
942 _hP153:4k, 111J4
_cTEXL
_2CC
999 _c387851
_d387851